Imagine Dragons songs by first line [Complete] - Statistics

General Stats
  • This quiz has been taken 37 times
  • The average score is 31 of 131
Answer Stats
First Line Song Name % Correct
When the days are cold Demons
89%
I'm waking up to ash and dust Radioactive
85%
If you love somebody On Top Of The World
59%
I'm bleeding out Bleeding out
56%
So this is what you meant It's Time
56%
First things first Believer
48%
Two hearts, one valve Birds
44%
Gimme, gimme, gimme some time to think Bones
44%
Will you hold the line Natural
44%
I'm a reckless mistake Polaroid
44%
Trouble, blood is in the rocky waters Sharks
41%
Just a young gun Thunder
41%
I'm sorry, mother I'm sorry Amsterdam
37%
Try to hear my voice Hear Me
37%
As a child, you would wait Warriors
37%
Oh, hush, my dear Bad Liar
33%
I wake up to the sounds Enemy
33%
You gotta get yourself together Kid
33%
People-pleasing planet Take Me to the Beach
33%
In the morning light let my roots take flight Tiptoe
33%
Wheels up, when I'm off the ground Wake Up
33%
Falling too fast to prepare for this Whatever It Takes
33%
Can someone take me home #1
30%
I know I took the path I Bet My Life
30%
About time for anyone telling you off I'm So Sorry
30%
Sometimes, I can get a little Lonely
30%
It's been a long time coming, coming Love
30%
All my life I've been sitting at the table Machine
30%
Who knows how long I've been awake now Nothing left to say
30%
Do you feel the same when I'm away from you Walking The Wire
30%
Some days when I'm dreaming Children of the Sky
26%
I've been waiting patiently Cutthroat
26%
I want a new world without the order Digital
26%
I'm back from the dead Eyes Closed
26%
Get down with the victim Friction
26%
You take a hit of anything Giants
26%
Woke up to the phone In Your Corner
26%
Ever since I could remember Monster
26%
Something about the way that you Next To Me
26%
The way they look at me No Time For Toxic People
26%
Time goes by and still I'm stuck on you Stuck
26%
Ever since I's young Symphony
26%
Twenty-one years, she figured it out Waves
26%
Days pass by and my eyes, they dry Wrecked
26%
I find it hard to say the things Zero
26%
How many lies do we have to tell Boomerang
22%
The Roman king, the Romulus Bullet In A Gun
22%
Patience only gets you so far Burn Out
22%
Just before I go Cool Out
22%
After the party and people all fade Don't Forget Me
22%
In the dark, and I'm right on the middle mark Dream
22%
Easy now Easy
22%
All my friends are gone Easy Come Easy Go
22%
Emma stood in front of me Emma
22%
I'm coming home to you Every Night
22%
He's never gonna treat you right Ferris Wheel
22%
And I know you think about everything Fire in These Hills
22%
You know I got your number Follow You
22%
First comes the blessing Gold
22%
What's wrong with me? I'm Happy
22%
When you're down on your luck Monday
22%
Can I wish on a star for another life My Life
22%
I was wandering up your street Nice to Meet You
22%
I know that one day I'll be that one One Day
22%
Oh, pretty baby, you're my motivator Only
22%
I was hoping for an indication Rise Up
22%
Am I out of touch? Shots
22%
This is my word, this is my way Smoke And Mirrors
22%
Oh quiet down, I've had enough Trouble
22%
One more day we'll spend together West Coast
22%
Shake it, shake it Working man
22%
I'm always looking for Blur
19%
I suppose she's supposed to be Crushed
19%
Don't throw my name 'round here like that Dancing In The Dark
19%
There's dolphins over my head Dolphins
19%
I'm holding my breath Dull Knives
19%
No turning back, you know I've seen too much Gods Don't Pray
19%
I know when my day will come Higher Ground
19%
Hey Mr Cage Man Hopeless Opus
19%
We could be strangers in the night I Don't Know Why
19%
One day, I'll change my ways I Don't Like Myself
19%
4 a.m. beside myself It Comes Back To You
19%
She could always hear It's Ok
19%
I want to live a life like that Mouth Of The River
19%
We are all living the same way Round And Round
19%
Fall right to the bottom Sirens
19%
I torture you Sucker for Pain
19%
He was never gonna make it They Don't Know You Like I Do
19%
If only you, you could see Thief
19%
Early morning, take me over Underdog
19%
Everything you say is just a lie All Eyes
15%
I don't sleep so well at night Cha-Ching
15%
Take my word Continual
15%
Get me right, all it takes is silent night Drive
15%
Took your heart, took your hand I'll Make It Up To You
15%
It's just another day I Was Me
15%
I never called you and now it's too late I Wish
15%
Take a look inside Leave Me
15%
Take me on a whim Look How Far We've Come
15%
I see it now, you're flying in the fast lane Love Of Mine
15%
I took a walk on a Saturday night My Fault
15%
There she goes in front of me Not Today
15%
I had a dream that I lost everything Peace Of Mind
15%
She says that the world is a broken mess Real Life
15%
Twenty miles from anyone Release
15%
Tonight i'm gonna put it on the table Stars Will Align
15%
Clenched teeth, no words Start Over
15%
If only for a second let me have you Summer
15%
Maybe I'm broken, maybe I'm wrong The Fall
15%
In the latest midnight hour The River
15%
Baby's got a lot of baggage Tokyo
15%
Up in the morning, up in the evening Who We Are
15%
Is this just an illusion America
11%
Just one more time before I go Battle Cry
11%
There's lights that line these halls Cover Up
11%
She barely knew your name Curse
11%
There's so much on my mind Levitate
11%
You've got me feeling like a Pantomime
11%
Older than water, stubborn as stone Second Chances
11%
To the top of all the world Selene
11%
Last week, I came to you Take It Easy
11%
Woman help me The Unknown
11%
Say goodbye to all your friends Uptight
11%
Seems there's something in the air today Younger
11%
I know I've given up Born To Be Yours
7%
Did your mother like your Sunday dress I Don't Mind
7%
Welcome to the land of fire I Need A Minute
7%
All this time I've spent with you Tied
7%
Here's to my future Yesterday
7%
Too deep in the game, I'm keepin' my foot in it Dare you
4%
Look at the moon it looks gold Hold Inside Our Chests
0%
No matching quizzes found
Score Distribution
Percent of People with Each Score
Percentile by Number Answered
Your Score History
You have not taken this quiz